000 00422nam a2200145Ia 4500
008 100122s9999 xx 000 0 und d
082 _b40855
_a823.08
100 _aप्रभुदेसाई बाळकृष्ण
245 _aगंधर्व
260 _bमौज प्रकाशन गृह
_c1987
300 _a199
630 _aगंधर्व
730 _aगंधर्व
942 _cBOOK
999 _c421655
_d421652